Library Banner

An introduction to health psychology / (Record no. 110848)

MARC details
000 -LEADER
fixed length control field 00630cam a2200217 i 4500
001 - CONTROL NUMBER
control field 18909665
005 - DATE AND TIME OF LATEST TRANSACTION
control field 20190220110421.0
008 - FIXED-LENGTH DATA ELEMENTS--GENERAL INFORMATION
fixed length control field 151218s2016 enka b 001 0 eng
020 ## - INTERNATIONAL STANDARD BOOK NUMBER
International Standard Book Number 9781292003139 (print)
020 ## - INTERNATIONAL STANDARD BOOK NUMBER
International Standard Book Number 1292003138 (print)
040 ## - CATALOGING SOURCE
Transcribing agency PK-LaUMT
082 00 - DEWEY DECIMAL CLASSIFICATION NUMBER
Classification number 616.0019
Edition number 23
Item number MOR-I
100 1# - MAIN ENTRY--PERSONAL NAME
Personal name Morrison, Val
245 13 - TITLE STATEMENT
Title An introduction to health psychology /
Statement of responsibility, etc Val Morrison and Paul Bennett
250 ## - EDITION STATEMENT
Edition statement 4th ed.
260 ## - PUBLICATION, DISTRIBUTION, ETC. (IMPRINT)
Place of publication, distribution, etc Harlow :
Name of publisher, distributor, etc Pearson,
Date of publication, distribution, etc 2017
300 ## - PHYSICAL DESCRIPTION
Extent xvii, 657 p. :
Other physical details color illustrations ;
Dimensions 27 cm
650 #0 - SUBJECT ADDED ENTRY--TOPICAL TERM
Topical term or geographic name as entry element Clinical health psychology.
700 1# - ADDED ENTRY--PERSONAL NAME
Personal name Bennett, Paul,
942 ## - ADDED ENTRY ELEMENTS (KOHA)
Koha item type Books
Holdings
Withdrawn status Lost status Damaged status Home library Current library Date acquired Full call number Barcode Date last seen Price effective from Koha item type
      UMT Main Campus UMT Main Campus 2019-02-20 616.0019 MOR-I 126899 2019-02-20 2019-02-20 Books